|
|
|
|
| LEADER |
02495nam a2200457 i 4500 |
| 001 |
nkc20243631591 |
| 003 |
CZ PrNK |
| 005 |
20250115132522.0 |
| 007 |
ta |
| 008 |
240911s2024 xr a g 000 f cze |
| 015 |
|
|
|a cnb003631591
|
| 020 |
|
|
|a 978-80-7465-639-2
|q (vázáno)
|
| 035 |
|
|
|a (OCoLC)1498301451
|
| 040 |
|
|
|a ABG001
|b cze
|e rda
|
| 041 |
1 |
|
|a cze
|h ukr
|
| 072 |
|
7 |
|a 821.161
|x Východoslovanské literatury
|2 Konspekt
|9 25
|
| 080 |
|
|
|a 821.161.2-31
|2 MRF
|
| 080 |
|
|
|a (0:82-311.6)
|2 MRF
|
| 100 |
1 |
|
|a Dupeško, Maksym,
|d 1984-
|7 xx0322541
|4 aut
|
| 240 |
1 |
0 |
|a Ìstorìja, varta cìloho jablunevoho sadu.
|l Česky
|
| 245 |
1 |
0 |
|a Za všechna jablka světa... /
|c Maksym Dupeško ; překlad Jekaterina Gazukina, Tereza Chlaňová, Alexandra Vojtíšková
|
| 264 |
|
1 |
|a Červený Kostelec :
|b Pavel Mervart,
|c 2024
|
| 300 |
|
|
|a 162 stran :
|b ilustrace ;
|c 22 cm
|
| 336 |
|
|
|a text
|b txt
|2 rdacontent
|
| 337 |
|
|
|a bez média
|b n
|2 rdamedia
|
| 338 |
|
|
|a svazek
|b nc
|2 rdacarrier
|
| 500 |
|
|
|a Přeloženo z ukrajinštiny
|
| 520 |
2 |
|
|a Román, jehož děj se skrze vzpomínky vrací do období 30. a 40. let 20. století na Bukovinu do Černovice na nynější Ukrajině, v té době oblasti obývané několika národnostmi.
|b Co se stane, když roku 1935 v malebném městečku na Bukovině, kde čas plyne pomalu a servírky ovládají více řečí než současní profesoři, vykolejí tramvaj? Černovice, které by tehdy nikdo nenazval jinak než Cernaui, Czernowitz nebo Tschernowitz, se stanou hlavní postavou milostného příběhu chlapce s německo-polsko-ukrajinskými kořeny a židovské dívky. Díky náhodnému setkání mladého studenta a starého muže se můžeme stát svědky strhujícího vyprávění, v němž skrze vzpomínky tří vypravěčů ožívají zapomenuté příběhy lidí, do jejichž života zasáhly bouřlivé dějiny. Nakladatelská anotace.
|
| 655 |
|
7 |
|a ukrajinské romány
|7 fd133744
|2 czenas
|
| 655 |
|
7 |
|a historické romány
|7 fd132414
|2 czenas
|
| 655 |
|
9 |
|a Ukrainian fiction
|2 eczenas
|
| 655 |
|
9 |
|a historical novels
|2 eczenas
|
| 700 |
1 |
|
|a Gazukina, Jekaterina,
|d 1987-
|7 xx0165592
|4 trl
|
| 700 |
1 |
|
|a Chlaňová, Tereza,
|d 1974-
|7 xx0063108
|4 trl
|
| 700 |
1 |
|
|a Vojtíšková, Alexandra
|7 jo20241247857
|4 trl
|
| 910 |
2 |
|
|a BOA001
|b 2-1534.131
|
| 920 |
|
|
|a 5011515
|z ABG001
|
| 990 |
|
|
|a BK
|
| 995 |
|
|
|a 01
|
| 991 |
|
|
|b 202410
|c NOV
|
| 996 |
6 |
|
|b 2610983624
|c 2-1534.131
|l MZK
|r Sklad / do 1 hodiny
|n 0
|p p.v.
|w 001981781
|u 000010
|a 1
|e BOA001
|j MZK50
|s P
|